Sports Leagues by Picture - Statistics

General Stats
  • This quiz has been taken 41 times
  • The average score is 8 of 12
Answer Stats
Picture Answer % Correct
NBA
100%
NHL
92%
NFL
90%
MLB
87%
Premier League
79%
La Liga
74%
Serie A
64%
Bundesliga
62%
AFL
41%
CFL
41%
IPL
33%
NPB
23%
No matching quizzes found
Score Distribution
Percent of People with Each Score
Percentile by Number Answered
Your Score History
You have not taken this quiz